Central Library and Information Centre
Sibsagar Girls' College, Sivasagar : Assam

BHARATAR RAJNOITIK SINTADHARA (Record no. 31284)

MARC details
000 -LEADER
fixed length control field 00411nam a22001577a 4500
005 - DATE AND TIME OF LATEST TRANSACTION
control field 20250328083539.0
008 - FIXED-LENGTH DATA ELEMENTS--GENERAL INFORMATION
fixed length control field 250328b |||||||| |||| 00| 0 eng d
040 ## - CATALOGING SOURCE
Transcribing agency
100 ## - MAIN ENTRY--PERSONAL NAME
Personal name DAS DR. DEEPAN
9 (RLIN) 102
245 ## - TITLE STATEMENT
Title BHARATAR RAJNOITIK SINTADHARA
Medium ASSAMESE
250 ## - EDITION STATEMENT
Edition statement 1ST
260 ## - PUBLICATION, DISTRIBUTION, ETC.
Place of publication, distribution, etc. DIBRUGARH
Name of publisher, distributor, etc. BANALATA
Date of publication, distribution, etc. JAN, 2023
700 ## - ADDED ENTRY--PERSONAL NAME
Personal name DAS BAIKUNTHA
700 ## - ADDED ENTRY--PERSONAL NAME
Personal name BORAH DURLLAV
942 ## - ADDED ENTRY ELEMENTS (KOHA)
Source of classification or shelving scheme Dewey Decimal Classification
Koha item type Books
700 ## - ADDED ENTRY--PERSONAL NAME
9 (RLIN) 106
700 ## - ADDED ENTRY--PERSONAL NAME
9 (RLIN) 497
Holdings
Withdrawn status Lost status Source of classification or shelving scheme Damaged status Not for loan Collection code Home library Current library Shelving location Date acquired Total Checkouts Full call number Barcode Date last seen Date last checked out Price effective from Koha item type Public note
    Dewey Decimal Classification     TBPSC Central Library and Information Centre Sibsagar Girls College Central Library and Information Centre Sibsagar Girls College Political Science Rack 28.03.2025 1 320.54 DAS 50014 17.04.2025 29.03.2025 28.03.2025 Books V
    Dewey Decimal Classification     TBPSC Central Library and Information Centre Sibsagar Girls College Central Library and Information Centre Sibsagar Girls College Political Science Rack 28.03.2025 2 320.54 DAS 50015 22.01.2026 20.01.2026 28.03.2025 Books V


Sibsagar Girl's College © 2020. All rights reserved.
Powered by Koha.
Maintained by Abhijit Borpuzari.